000 00569nam a2200169Ia 4500
008 090711s9999 xx 000 0 und d
082 _b68632
100 _aतिबिले अनंत
245 _aविडा रंगलाSा नाही
260 _bश्रध्दा प्रकाशन
_c1992
300 _a207
600 _aतिबिले अनंत
630 _aविडा रंगलाSा नाही
700 _aतिबिले अनंत
730 _aविडा रंगलाSा नाही
942 _cBOOK
999 _c303866
_d303866